La Slovaquie
| Main Author: | |
|---|---|
| Other Authors: | , , , , , , , , , |
| Format: | Book |
| Language: | French Slovak |
| PhysicalDescription: | 87 strán farebné fotografie, mapy 21 cm Vydané aj v elektronickej forme |
| Published: |
Bratislava
MS Agency
2004
|
| ISBN: | 8089159060 |
| Edition: | [1. vyd.] |
| Subjects: |
MARC
| LEADER | 00000cam a2200000 a 4500 | ||
|---|---|---|---|
| 001 | vtls001478879 | ||
| 003 | SK-MaSNL | ||
| 005 | 20260426014552.0 | ||
| 008 | 240226s2004 xo ob gr 000 0 fre | ||
| 015 | |a SNBE2004/03-01406 | ||
| 020 | |a 8089159060 | ||
| 035 | |a SNK000434177 | ||
| 035 | |a urn:nbn:sk:snk-am3ixx1 | ||
| 035 | |a 10187F7C-7998-4E57-9543-8F4F29FF13FB | ||
| 035 | |a urn:nbn:sk:snk-am00g4im | ||
| 040 | |a SNK |b slo |c SNK |e AACR2 | ||
| 041 | 1 | |a fre |h slo | |
| 043 | |a e-xo--- | ||
| 044 | |a xo |c SK | ||
| 072 | 7 | |a 913(437) |x Geografia Česka a Slovenska, reálie, cestovanie |2 konspekt | |
| 080 | |a 908(437.6)(083.9)=113.1 |2 1997 | ||
| 080 | |a 908(437.6) |2 2011 | ||
| 080 | |a (036) |2 2011 | ||
| 080 | |a 913:338.483.1 |2 2011 | ||
| 080 | |a (084.12) |2 2011 | ||
| 080 | |a (036)913 |2 2011 | ||
| 100 | 1 | |a Sloboda, Martin, |d 1974- |4 aut |4 pht |9 103064 | |
| 245 | 1 | 3 | |a La Slovaquie |c Martin Sloboda ; [translation: Anouk Jeannon ; photography: Martin Sloboda ... [et al.]] |
| 250 | |a [1. vyd.] | ||
| 260 | |a Bratislava |b MS Agency |c 2004 | ||
| 300 | |a 87 strán |b farebné fotografie, mapy |c 21 cm | ||
| 500 | |a Pravdepodobne preložené zo slovenčiny | ||
| 530 | |a Vydané aj v elektronickej forme | ||
| 650 | 0 | 7 | |a turistické zaujímavosti |2 SNKPH |9 73869 |
| 650 | 0 | 7 | |a vlastiveda |2 SNKPH |9 3887 |
| 651 | 7 | |a Slovensko |2 SNKPHgeo |9 14231 | |
| 655 | 7 | |a informačné publikácie |2 SNKPH |9 70181 | |
| 655 | 7 | |a turistickí sprievodcovia (publikácie) |2 SNKPH |9 191298 | |
| 655 | 7 | |a fotografické publikácie |2 SNKPH |9 70483 | |
| 700 | 1 | |a Jeannon, Anouk |4 trl |9 319396 | |
| 700 | 1 | |a Vrlák, Robert |4 pht |9 298069 | |
| 700 | 1 | |a Gross, Milan, |d 1957- |4 pht |9 108495 | |
| 700 | 1 | |a Jiroušek, Alexander, |d 1934-2021 |4 pht |9 223957 | |
| 700 | 1 | |a Jiroušek, Ladislav, |d 1943-2019 |4 pht |9 90423 | |
| 700 | 1 | |a Zajíček, Petr, |d 1965- |4 pht |9 125786 | |
| 700 | 1 | |a Péchy, Štefan, |d 1944- |4 pht |9 86635 | |
| 700 | 1 | |a Vojček, Alexander |4 pht | |
| 700 | 1 | |a Kordoš, Štefan |4 pht |4 fot |9 304144 | |
| 700 | 1 | |a Belošovič, Peter |4 pht |9 304145 | |
| 776 | 1 | |t La Slovaquie - guide illustré |w vtls010861763 | |
| 919 | |a 80-89159-06-0 | ||
| 958 | |a OP | ||
| 999 | |c 1161562 |d 1163492 | ||
| 952 | |t P60, <03>, [BOOK], {603} |a SNK |b SNK |y PREZ |7 0 |p 17A0437525 |o snkSC 116686 |i snkKSP 9669/2004 |0 0 |1 0 |4 0 |d 2004-07-21 |f 1 |l 0 |r 2025-10-16 00:00:00 |w 2026-02-24 | ||
| 952 | |t snkSVK/F 908.11.9 |a SNKUST |b SNKUST |y PREZ |7 0 |p 17A0437534 |o snkSC 116686 D1 |i snkKSP 9670/2004 |0 0 |1 0 |4 0 |d 2004-07-21 |l 0 |r 2025-05-29 00:00:00 |w 2026-02-24 | ||


